At the mercy of history the cultural misappropriations of Christopher Columbus in the US /

The figure of Christopher Columbus, discoverer, explorer, and governor has been interpreted in numerous ways by various interest groups throughout American history, typically in order to confirm power positions or to gain recognition. Framed by postmodern theorizations on identity and cultural produ...

Teljes leírás

Elmentve itt :
Bibliográfiai részletek
Szerző: Annus Irén
Dokumentumtípus: Könyv része
Megjelent: SZTE IEAS Szeged 2024
Sorozat:Acta Universitatis Szegediensis de Attila József nominatae : papers in english and american studies 28
Papers in English and American studies : Tomus XXVIII. - New Horizons in English and American Studies: Papers from the Doctoral Program 28
Kulcsszavak:Kolumbusz Kristóf, Identitás - nemzeti - USA
Tárgyszavak:
Online Access:http://acta.bibl.u-szeged.hu/86792
LEADER 02247naa a2200241 i 4500
001 acta86792
005 20250331134143.0
008 250321s2024 hu o 000 eng d
020 |a 978-963-688-029-3 
022 |a 0230-2780 
040 |a SZTE Egyetemi Kiadványok Repozitórium  |b hun 
041 |a eng 
100 1 |a Annus Irén 
245 1 3 |a At the mercy of history  |h [elektronikus dokumentum] :  |b the cultural misappropriations of Christopher Columbus in the US /  |c  Annus Irén 
260 |a SZTE IEAS  |b Szeged  |c 2024 
300 |a 141-152 
490 0 |a Acta Universitatis Szegediensis de Attila József nominatae : papers in english and american studies  |v 28 
490 0 |a Papers in English and American studies : Tomus XXVIII. - New Horizons in English and American Studies: Papers from the Doctoral Program  |v 28 
520 3 |a The figure of Christopher Columbus, discoverer, explorer, and governor has been interpreted in numerous ways by various interest groups throughout American history, typically in order to confirm power positions or to gain recognition. Framed by postmodern theorizations on identity and cultural production, this paper considers the history of the cultural presence of Columbus in the US, revisiting pivotal moments in which his symbolic figure has been either glorified or vilified – or both. It maps the ways in which Columbus’ controversial character has been suspended within the web of historical signifiers through examples of the representational strategies employed in his depictions within the arts, always in the service of political endeavors. The paper argues that his name has been appropriated based on various values and characteristics tied to specific identity segments. However, Columbus’ character can be located at the intersection of these segments, embedded in a unique historical period. American historical memory, thus, has yet to come to terms with both the human complexities and the historical contexts that have shaped its past and impacts its presence. 
650 4 |a Bölcsészettudományok 
650 4 |a Történettudomány és régészet 
695 |a Kolumbusz Kristóf, Identitás - nemzeti - USA 
856 4 0 |u http://acta.bibl.u-szeged.hu/86792/1/papers_028_141-152.pdf  |z Dokumentum-elérés